| 000 | 00545nam a2200181Ia 4500 | ||
|---|---|---|---|
| 003 | GCL | ||
| 008 | 140319s9999 xx 000 0 ara d | ||
| 040 |
_aGCL / _cGCL |
||
| 082 | 0 | 4 |
_a146.3 _bمر |
| 100 | 1 | _aمجاهد عبدالمنعم مجاهد | |
| 245 | 1 | 0 |
_aرحلة فى اغماق العقل الجدلى / _cمجاهد عبدالمنعم مجاهد |
| 300 | _a79 | ||
| 490 |
_a100 قصة _v0 |
||
| 650 | 0 | 4 | _aالفلسفة |
| 650 | 0 | 4 | _aالفلسفة العقلية |
| 650 | 0 | 4 | _aالفلسفة الوجودية |
| 942 |
_2ddc _cBK |
||
| 999 |
_c43404 _d43404 |
||